000 00652nam a2200241 i 4500
001 C2-0267352
003 PPAK
005 20180727234604.0
008 050914s2005 nyu |||| ||||| | eng d
020 _a1557884420
040 _aPPAK
_beng
_cPPAK
_erda
082 0 4 _a641.822
_223
090 0 0 _a641.822
_bGAL
_dR
100 1 _aGalton, Jean,
_eauthor
245 1 0 _aPasta
_b200 quick-and-easy recipes for every occasion
264 1 _aNew York :
_bHPBooks ,
_c2005
300 _a180 pages ;
_c20 cm
336 _2rdacontent
_atext
337 _2rdamedia
_aunmediated
338 _2rdacarrier
_avolume
650 1 0 _aCookery (Pasta).
942 _ddc
_cB
999 _c76339
_d76339